| 000 | 01171cam a2200325 i 4500 | ||
|---|---|---|---|
| 001 | 3261063 | ||
| 003 | EG-ScBUE | ||
| 005 | 20241106100240.0 | ||
| 008 | 811019t1982 nyua f 001 0 eng d | ||
| 020 | _a0471059099 | ||
| 020 | _a9780471059097 | ||
| 040 |
_aDLC _beng _erda _cDLC _dDLC _dEG-ScBUE |
||
| 082 | 0 | 4 |
_222 _a519.2 _bLAR |
| 100 | 1 |
_aLarson, Harold J., _d1934- _eauthor. _98971 |
|
| 245 | 1 | 0 |
_aIntroduction to probability theory and statistical inference / _cHarold J. Larson, Naval Postgraduate School, Monterey, California. |
| 250 | _aThird edition. | ||
| 264 | 1 |
_aNew York : _bJohn Wiley & Sons, _c[1982] |
|
| 264 | 4 | _cc1982 | |
| 300 |
_axi, 637 pages : _billustrations ; _c24 cm |
||
| 336 |
_2rdacontent _atext _btxt |
||
| 337 |
_aunmediated _2rdamedia _bn |
||
| 338 |
_avolume _bnc _2rdacarrier |
||
| 500 | _aIncludes index. | ||
| 650 | 7 |
_aProbabilities. _2BUEsh _98973 |
|
| 650 | 7 |
_aMathematical statistics. _2BUEsh _98974 |
|
| 655 | _vReading book | ||
| 856 | 4 | 2 |
_3Publisher description _uhttp://www.loc.gov/catdir/description/wiley033/81016246.html |
| 856 | 4 |
_3Table of Contents _uhttp://www.loc.gov/catdir/toc/onix03/81016246.html |
|
| 942 |
_2ddc _cBB |
||
| 999 |
_c12816 _d12816 |
||